Trouve le joueur (Version Jeune Pépite) - Statistics

General Stats
  • This quiz has been taken 93 times
  • The average score is 5 of 16
Answer Stats
Picture Answer % Correct
Lamine Yamal
100%
Jamal Musiala
87%
Endrick
77%
Florian Wirtz
70%
Estevao
31%
Malick Fofana
31%
Ayoub Bouaddi
29%
Abdukodir Khusanov
25%
Rodrigo Mora
23%
Roméo Lavia
14%
Can Uzun
5%
Kendry Paez
5%
Mathis Amougou
4%
Paul Wanner
2%
Chris Rigg
1%
Nathan Zézé
1%
No matching quizzes found
Score Distribution
Percent of People with Each Score
Percentile by Number Answered
Your Score History
You have not taken this quiz